| 000 | 00857pam a2200265 i 4500 | ||
|---|---|---|---|
| 001 | 3698523 | ||
| 005 | 20250207181902.0 | ||
| 008 | 790810s1979 nyu b 001 0 eng | ||
| 020 | _a0029122007 | ||
| 020 | _z0029121906 (pbk.) | ||
| 050 | 0 | 0 |
_aKF547 _b.G65 1979 |
| 082 | 0 | 0 |
_a362.7 _219 |
| 100 | 1 |
_aGoldstein, Joseph, _d1923-2000. |
|
| 245 | 1 | 0 |
_aBeyond the best interests of the child / _cJoseph Goldstein, Anna Freud, Albert J. Solnit. |
| 250 | _aNew ed. with epilogue. | ||
| 260 |
_aNew York : _bFree Press, _cc1979. |
||
| 300 |
_axiv, 203 p. ; _c22 cm. |
||
| 650 | 0 | _aCustody of children. | |
| 650 | 0 |
_aChildren _xLegal status, laws, etc. |
|
| 650 | 0 |
_aCustody of children _zUnited States. |
|
| 650 | 0 | _aChild welfare. | |
| 700 | 1 |
_aFreud, Anna, _d1895-1982, _ejoint author. |
|
| 700 | 1 |
_aSolnit, Albert J., _ejoint author. |
|
| 942 |
_2lcc _cBK _n0 |
||
| 999 |
_c3590 _d3590 |
||